1909 1106 1420 1751 1696 1046 1516 1532 1807 1773 1083 1621 1402 1908 1483 1247 1752 1687 1965 1252 1618 1589 1023 1601 1530 1260 1832 1505 1268 1424 1868 1143 1025 1790 1267 1651 1340 1020 1359 1194 1994 1502 1335 1059 1419 1356 1154 1906 1330 1170 1737 1484 1059 1441 1124 1308 1089 1944 1816 1029 1486 1522 1885 1822 1122 1813 1812 1937 1800 1290 1012 1043 1408 1528 1991 1459 1942 1118 1407 1041 1931 1389 1149 1615 1703 1874 1504 1818 1905 1134 1902 1372 1574 1671 1430 1511 1565 1104 1226 BCNSPRNW ULIB Ver.6.0+V

เปลี่ยนเป็นภาษาไทย

Change to English
 แสดงรายละเอียดบรรณานุกรม
  กลับหน้าหลัก

Brief Record : Get Marc (ISO 2709) : E-mail record : QR code < ปิดหน้าต่าง
LEADER : 00000nam 2200000uu 4500
001    13399114430
003     ULIB
008    110627s||||||||th 000 0 tha d
020    9747053756
098    นว.^bม162ม
100 0  มนันยา
245 00 ไม่เด็ดก็ไม่ขาด/^cมนันยา
250    พิมพ์ครั้งที่ 5
260    กรุงเทพฯ :^bสามสี,^c2540
300    255 หน้า
710 1  สามสี
945    ^p90^l0^i031540
995    ทศพร
999 ^a ใช้งานได้ทุกระบบ
รายการนี้ยังไม่มีแท็ก
คุณยังไม่ได้ล็อกอิน คุณสามารถมีกิจกรรมร่วมกับเว็บไซต์ได้ แต่ต้องล็อกอินก่อน ::
  ล็อกอิน

รายการสื่อสารสนเทศ

ลำดับที่ ประเภท เลขเรียก/บาร์โค้ด สถานที่ สถานะ
1. นวนิยาย
นวนิยาย
 ฉ.1 
  Barcode: 031540
ห้องสมุดวิทยาเขตสวรรค์ประชารักษ์
►นวนิยาย
บนชั้น
  ขอยืม

รายการใกล้เคียง
    ผู้แต่ง [มนันยา]

BibComment


ยังไม่เคยถูกคอมเมนท์

คอมเมนท์ทรัพยากรรายการนี้
  คอมเมนท์: ไม่เด็ดก็ไม่ขาด ม..


 Copyright 2026. Bcnsprnw @Library